Primary concepts of computer / (Record no. 40907)

MARC details
000 -LEADER
fixed length control field 00655nam a22001937a 4500
005 - DATE AND TIME OF LATEST TRANSACTION
control field 20100811115913.0
010 ## - LCCN (DPL NO)
LC control number ENG-99669
020 ## - INTERNATIONAL STANDARD BOOK NUMBER
International Standard Book Number 9789380236032
Terms of availability 75.00
035 ## - SYSTEM CONTROL NUMBER
System control number EN-83201
037 ## - SOURCE OF ACQUISITION
Source of stock number/acquisition DBAD/PUB
082 ## - DEWEY DECIMAL CLASSIFICATION NUMBER
Classification number 004
100 ## - MAIN ENTRY--PERSONAL NAME
Personal name Barani, B.
245 ## - TITLE STATEMENT
Title Primary concepts of computer /
Statement of responsibility, etc by B. Barani
260 ## - PUBLICATION, DISTRIBUTION, ETC. (IMPRINT)
Place of publication, distribution, etc Thanjavur
Name of publisher, distributor, etc Printmagic
Date of publication, distribution, etc 2009
270 ## - ADDRESS
Address #2, First Floor, Guru Complex, Rajappa Nagar, Medical College Road
City Thanjavur
Postal code 613007
300 ## - PHYSICAL DESCRIPTION
Extent 129p.
Dimensions 21cm (pbk)
942 ## - ADDED ENTRY ELEMENTS (KOHA)
Source of classification or shelving scheme Dewey Decimal Classification
Item type English Books
Classification part 004
Call number suffix BAR
Holdings
Withdrawn status Lost status Not for loan Collection code Home library Current library Date acquired Source of acquisition Cost, normal purchase price Full call number Barcode Copy number Cost, replacement price Koha item type
    Not For Loan Non-fiction D.B.Act.Division D.B.Act.Division 11/08/2010 DBAD/PUB 75.00 004 BAR EN-83201 1 75.00 English Books

© Delhi Public Library
Hit Counter
free hit counter